00352nam a2200133Ia 450000500170000000800460001703700290006304000200009204100130011208400250012524500490015026000090019930000100020820250508154933.0008 250505s9999 xx 000 0 eng d aBooks to be hide in OPAC aFEDLbengcFEDL aeng2eng a378.545, PUN/OqFEDL 0aPunjab university enquiry committee, 1932-33 c1933 a387p.